<?xml version="1.0" encoding="UTF-8"?>
<collection xmlns="http://www.loc.gov/MARC21/slim">
<record>
  <controlfield tag="001">48627</controlfield>
  <controlfield tag="005">20240412141200.0</controlfield>
  <datafield tag="024" ind1="7" ind2=" ">
    <subfield code="2">doi</subfield>
    <subfield code="a">10.26754/ojs_ais/ais.201434915</subfield>
  </datafield>
  <datafield tag="024" ind1="8" ind2=" ">
    <subfield code="2">sideral</subfield>
    <subfield code="a">84814</subfield>
  </datafield>
  <datafield tag="037" ind1=" " ind2=" ">
    <subfield code="a">ART-2014-84814</subfield>
  </datafield>
  <datafield tag="041" ind1=" " ind2=" ">
    <subfield code="a">spa</subfield>
  </datafield>
  <datafield tag="100" ind1=" " ind2=" ">
    <subfield code="a">Iñiguez Berrozpe, Tatiana</subfield>
    <subfield code="0">(orcid)0000-0003-4530-9645</subfield>
  </datafield>
  <datafield tag="245" ind1=" " ind2=" ">
    <subfield code="a">Representatividad de la mujer en el sector turístico. Análisis de la desigualdad de género en entidades públicas y privadas dedicadas al Turismo en España</subfield>
  </datafield>
  <datafield tag="260" ind1=" " ind2=" ">
    <subfield code="c">2014</subfield>
  </datafield>
  <datafield tag="506" ind1="0" ind2=" ">
    <subfield code="a">Access copy available to the general public</subfield>
    <subfield code="f">Unrestricted</subfield>
  </datafield>
  <datafield tag="520" ind1="3" ind2=" ">
    <subfield code="a">El artículo parte de la idea de que a pesar de que las mujeres son un colectivo clave para el sector turístico, existiendo un mayor número de éstas tanto al hablar de formación superior (alrededor de un 80% del alumnado de turismo es mujer – Agencia Nacional de Evaluación de la Calidad y Acreditación, “ANECA”, 2004-), como a nivel de ocupación laboral (con un 60% de personal femenino entre la población ocupada en el sector –Instituto Nacional de Estadística, “INE”, 2013-), continúan estando infrarrepresentadas en puestos de responsabilidad a nivel de dirección tanto en el sector público como en el privado. Para refrendar esta hipótesis se plantea un análisis a través de fuentes de datos estadísticos del ámbito público y privado del Turismo en España y, mediante una metodología cualitativa basada en el paradigma crítico-comunicativo, se realiza un trabajo de campo a través de grupos de discusión con profesionales del sector. El estudio concluye que el techo de cristal en esta actividad socioeconómica todavía continua siendo una realidad, pese a la feminización de sus estudios superiores. Para superar esta problemática se sugieren distintas líneas estratégicas de actuación que pasan tanto por una mayor visibilidad de las mujeres en puestos de responsabilidad como de una apuesta de empresas privadas y administraciones públicas por una responsabilidad social basada en la igualdad de género efectiva</subfield>
  </datafield>
  <datafield tag="540" ind1=" " ind2=" ">
    <subfield code="9">info:eu-repo/semantics/openAccess</subfield>
    <subfield code="a">by</subfield>
    <subfield code="u">http://creativecommons.org/licenses/by/3.0/es/</subfield>
  </datafield>
  <datafield tag="655" ind1=" " ind2="4">
    <subfield code="a">info:eu-repo/semantics/article</subfield>
    <subfield code="v">info:eu-repo/semantics/publishedVersion</subfield>
  </datafield>
  <datafield tag="700" ind1=" " ind2=" ">
    <subfield code="a">Plumed, Marta</subfield>
    <subfield code="u">Universidad de Zaragoza</subfield>
    <subfield code="0">(orcid)0000-0002-8463-0477</subfield>
  </datafield>
  <datafield tag="700" ind1=" " ind2=" ">
    <subfield code="a">Latorre, María Pilar</subfield>
    <subfield code="u">Universidad de Zaragoza</subfield>
    <subfield code="0">(orcid)0000-0002-8486-6885</subfield>
  </datafield>
  <datafield tag="710" ind1="2" ind2=" ">
    <subfield code="1">4012</subfield>
    <subfield code="2">650</subfield>
    <subfield code="a">Universidad de Zaragoza</subfield>
    <subfield code="b">Dpto. Direcc.Organiza.Empresas</subfield>
    <subfield code="c">Área Organización de Empresas</subfield>
  </datafield>
  <datafield tag="710" ind1="2" ind2=" ">
    <subfield code="1">4009</subfield>
    <subfield code="2">775</subfield>
    <subfield code="a">Universidad de Zaragoza</subfield>
    <subfield code="b">Dpto. Psicología y Sociología</subfield>
    <subfield code="c">Área Sociología</subfield>
  </datafield>
  <datafield tag="773" ind1=" " ind2=" ">
    <subfield code="g">34 (2014), 159-181</subfield>
    <subfield code="p">Acciones investig. soc.</subfield>
    <subfield code="t">Acciones e investigaciones sociales</subfield>
    <subfield code="x">1132-192X</subfield>
  </datafield>
  <datafield tag="856" ind1="4" ind2=" ">
    <subfield code="s">216198</subfield>
    <subfield code="u">http://zaguan.unizar.es/record/48627/files/texto_completo.pdf</subfield>
    <subfield code="y">Versión publicada</subfield>
  </datafield>
  <datafield tag="856" ind1="4" ind2=" ">
    <subfield code="s">30824</subfield>
    <subfield code="u">http://zaguan.unizar.es/record/48627/files/texto_completo.jpg?subformat=icon</subfield>
    <subfield code="x">icon</subfield>
    <subfield code="y">Versión publicada</subfield>
  </datafield>
  <datafield tag="856" ind1="4" ind2="1">
    <subfield code="u">https://papiro.unizar.es/ojs/index.php/ais/article/view/915</subfield>
    <subfield code="z">Texto completo de la revista</subfield>
  </datafield>
  <datafield tag="909" ind1="C" ind2="O">
    <subfield code="o">oai:zaguan.unizar.es:48627</subfield>
    <subfield code="p">articulos</subfield>
    <subfield code="p">driver</subfield>
  </datafield>
  <datafield tag="951" ind1=" " ind2=" ">
    <subfield code="a">2024-04-12-14:08:57</subfield>
  </datafield>
  <datafield tag="980" ind1=" " ind2=" ">
    <subfield code="a">ARTICLE</subfield>
  </datafield>
</record>
</collection>